[Event "Olympiad-44"]
[Site "Chennai"]
[Date "2022.08.08"]
[Round "10.2"]
[White "Nyambalo, Joseph Xavier"]
[Black "Phiri, Richmond"]
[Result "1/2-1/2"]
[WhiteElo "1981"]
[BlackElo "2293"]
[PlyCount "71"]
[EventDate "2022.07.29"]
[EventType "team-swiss"]
[EventRounds "11"]
[EventCountry "IND"]
[SourceTitle "CBM 210"]
[Source "ChessBase"]
[SourceDate "2022.10.31"]
[SourceVersion "1"]
[SourceVersionDate "2022.10.31"]
[SourceQuality "1"]
[WhiteTeam "Malawi"]
[BlackTeam "Zambia"]
[WhiteTeamCountry "MWI"]
[BlackTeamCountry "ZAM"]

1. c4 Nf6 2. Nc3 c5 3. g3 e6 4. Nf3 d5 5. cxd5 Nxd5 6. Bg2 Be7 7. 0-0 0-0 8. e4 Nxc3 9. dxc3 Nc6 10. Be3 Qc7 11. Qc2 Rd8 12. Rfd1 Bd7 13. h4 Be8 14. Qe2 Qa5 15. Nd2 Qa4 16. b3 Qa5 17. Rdc1 Ne5 18. Rc2 Bb5 19. c4 Bc6 20. Nf1 Nd3 21. Bd2 Qc7 22. Bc3 Nb4 23. Qg4 g6 24. Rd2 h5 25. Rxd8+ Rxd8 26. Qe2 Be8 27. a3 Nc6 28. Qb2 Nd4 29. Rd1 Bf6 30. Kh1 Bc6 31. Ne3 b6 32. b4 Kh7 33. b5 Bb7 34. Re1 Bg7 35. a4 Qe7 36. a5 1/2-1/2

[Event "Olympiad-44"]
[Site "Chennai"]
[Date "2022.08.07"]
[Round "9.2"]
[White "Miswadah, Baha"]
[Black "Nyambalo, Joseph Xavier"]
[Result "1-0"]
[WhiteElo "1985"]
[BlackElo "1981"]
[PlyCount "135"]
[EventDate "2022.07.29"]
[EventType "team-swiss"]
[EventRounds "11"]
[EventCountry "IND"]
[SourceTitle "CBM 210"]
[Source "ChessBase"]
[SourceDate "2022.10.31"]
[SourceVersion "1"]
[SourceVersionDate "2022.10.31"]
[SourceQuality "1"]
[WhiteTeam "Palestine"]
[BlackTeam "Malawi"]
[WhiteTeamCountry "PLE"]
[BlackTeamCountry "MWI"]

1. d4 Nf6 2. Bf4 d6 3. e3 g6 4. Be2 Bg7 5. Nf3 c5 6. h3 cxd4 7. exd4 Qb6 8. Na3 Bd7 9. Nc4 Qc7 10. 0-0 0-0 11. Ne3 Nc6 12. c4 Qb6 13. Rb1 Nxd4 14. Nxd4 e5 15. c5 dxc5 16. Bxe5 cxd4 17. Bxd4 Qd8 18. Bf3 Bb5 19. Re1 Qd7 20. Nd5 Nxd5 21. Bxg7 Kxg7 22. Qxd5 Qxd5 23. Bxd5 Bc6 24. Bxc6 bxc6 25. Rbc1 Rfb8 26. b3 Rb6 27. Re7 Ra6 28. Rc2 Rd8 29. Rc7 Rd1+ 30. Kh2 Rd6 31. Re2 Rf6 32. g4 h5 33. g5 Rf5 34. h4 c5 35. Kg3 Rd6 36. Rxa7 c4 37. bxc4 Rd4 38. f3 Rxc4 39. Re3 Rff4 40. Ra8 Ra4 41. Rb8 Rfb4 42. Rxb4 Rxb4 43. Re4 Rb1 44. a4 Rh1 45. Kf2 f6 46. Kg2 Ra1 47. f4 fxg5 48. fxg5 Ra3 49. Rf4 Kg8 50. Kf2 Kg7 51. Ke2 Kg8 52. Kd2 Kg7 53. Kc2 Rg3 54. Rc4 Kf7 55. Kb2 Ke6 56. a5 Kd5 57. Ra4 Rg2+ 58. Kc3 Rg3+ 59. Kb4 Kc6 60. a6 Kb6 61. a7 Rg4+ 62. Kb3 Rxa4 63. Kxa4 Kxa7 64. Ka5 Kb7 65. Kb5 Kc7 66. Kc5 Kd7 67. Kd5 Ke7 68. Ke5 1-0

[Event "Olympiad-44"]
[Site "Chennai"]
[Date "2022.07.30"]
[Round "2.3"]
[White "Nyambalo, Joseph Xavier"]
[Black "Masiala Mayuku, Eddy"]
[Result "1-0"]
[WhiteElo "1981"]
[BlackElo "1574"]
[PlyCount "145"]
[EventDate "2022.07.29"]
[EventType "team-swiss"]
[EventRounds "11"]
[EventCountry "IND"]
[SourceTitle "CBM 210"]
[Source "ChessBase"]
[SourceDate "2022.10.31"]
[SourceVersion "1"]
[SourceVersionDate "2022.10.31"]
[SourceQuality "1"]
[WhiteTeam "Malawi"]
[BlackTeam "Congo"]
[WhiteTeamCountry "MWI"]
[BlackTeamCountry "CON"]

1. c4 e5 2. Nc3 Nc6 3. g3 b6 4. Bg2 Bb7 5. Nf3 d6 6. 0-0 g6 7. d4 Bg7 8. dxe5 Nxe5 9. Nxe5 Bxg2 10. Nxf7 Kxf7 11. Kxg2 Nf6 12. Nd5 Re8 13. Bg5 h6 14. Nxf6 Bxf6 15. Bxh6 Kg8 16. Qc2 Kf7 17. Be3 Qe7 18. Rad1 Rh8 19. h3 Rh7 20. Rh1 Rah8 21. Rh2 Qe6 22. Rdh1 Rh5 23. b3 Re5 24. Qd3 Rd8 25. h4 Rh5 26. Bg5 d5 27. Bxf6 Qxf6 28. Rd1 c6 29. e4 d4 30. Qf3 c5 31. Qxf6+ Kxf6 32. f4 Rh7 33. Kf3 d3 34. Rhd2 Re7 35. Rxd3 Rde8 36. Rd6+ Kf7 37. Rd7 a6 38. e5 b5 39. cxb5 axb5 40. Rxe7+ Rxe7 41. Rc1 Rc7 42. Ke4 Ke6 43. g4 Rc6 44. f5+ Kf7 45. e6+ Kf6 46. g5+ Ke7 47. fxg6 Rxe6+ 48. Kf5 Re2 49. Rxc5 Rf2+ 50. Kg4 Rg2+ 51. Kh5 Rxa2 52. Rxb5 Rh2 53. Rf5 Rd2 54. g7 Rd8 55. Rf8 Rxf8 56. gxf8R Kxf8 57. Kg6 Kg8 58. b4 Kh8 59. b5 Kg8 60. b6 Kf8 61. b7 Ke7 62. b8Q Ke6 63. Qe8+ Kd5 64. Kf5 Kd4 65. Qe4+ Kc3 66. Qd5 Kb4 67. Qc6 Kb3 68. Ke4 Kb4 69. Kd4 Kb3 70. Qc3+ Ka2 71. Qb4 Ka1 72. Kc3 Ka2 73. Qb2# 1-0

[Event "Africa-ch"]
[Site "Lilongwe"]
[Date "2021.05.18"]
[Round "1"]
[White "Bellahcene, Bilel"]
[Black "Nyambalo, Joseph Xavier"]
[Result "1-0"]
[WhiteElo "2508"]
[BlackElo "2032"]
[PlyCount "63"]
[EventDate "2021.05.18"]
[EventType "swiss"]
[EventRounds "9"]
[EventCountry "MWI"]
[SourceTitle "CBM 202 Extra"]
[Source "ChessBase"]
[SourceDate "2021.07.31"]
[SourceVersion "1"]
[SourceVersionDate "2021.07.31"]
[SourceQuality "1"]

1. d4 Nf6 2. Nf3 g6 3. c4 Bg7 4. Nc3 d6 5. h3 Nbd7 6. e4 e5 7. d5 Nc5 8. Qc2 a5 9. g4 h5 10. g5 Ng8 11. Be3 b6 12. Be2 Bd7 13. b3 Ne7 14. Kf1 Qc8 15. Kg2 Qd8 16. Kh2 Qb8 17. Rhg1 c6 18. Nd2 Qc8 19. a3 cxd5 20. cxd5 0-0 21. Nc4 Qb8 22. b4 axb4 23. axb4 Na6 24. Nxb6 Nxb4 25. Qb3 Rxa1 26. Rxa1 Nbxd5 27. Ncxd5 Nxd5 28. Qxd5 Be6 29. Qc6 Qd8 30. Rd1 Qe7 31. Rxd6 Qa7 32. Nd7 1-0

[Event "Olympiad-41"]
[Site "Tromsoe"]
[Date "2014.08.09"]
[Round "7.3"]
[White "Fesalbon, Rolando"]
[Black "Nyambalo, Joseph Xavier"]
[Result "0-1"]
[WhiteElo "2051"]
[BlackElo "2115"]
[PlyCount "104"]
[EventDate "2014.08.02"]
[EventType "team-swiss"]
[EventRounds "11"]
[EventCountry "NOR"]
[SourceTitle "CBM 162"]
[Source "ChessBase"]
[SourceDate "2014.09.17"]
[SourceVersion "1"]
[SourceVersionDate "2014.09.17"]
[SourceQuality "1"]
[WhiteTeam "Macau"]
[BlackTeam "Malawi"]
[WhiteTeamCountry "MAC"]
[BlackTeamCountry "MWI"]

1. d4 d5 2. c4 c6 3. cxd5 cxd5 4. Nc3 e6 5. Nf3 Nc6 6. e3 Nf6 7. Bb5 Bd7 8. 0-0 Bd6 9. Re1 0-0 10. e4 dxe4 11. Nxe4 Nxe4 12. Rxe4 Nb4 13. Bxd7 Qxd7 14. a3 Nd5 15. Rh4 Be7 16. Rh3 Qb5 17. Ne5 Nf6 18. Bg5 Rad8 19. Qc2 h6 20. Be3 Rc8 21. Qb1 Qe2 22. Qd1 Qxd1+ 23. Rxd1 Rc2 24. Nd3 Rfc8 25. Kf1 Nd5 26. Bc1 b6 27. Rg3 Bd6 28. f4 R8c4 29. b3 R4c3 30. b4 Ra2 31. Bb2 Rc2 32. Rf3 Nxf4 33. Nxf4 Bxf4 34. Rxf4 Rcxb2 35. Rg4 Rxa3 36. h3 Rxb4 37. Rc1 g5 38. Re4 Raa4 39. Rc8+ Kg7 40. Rd8 Rb2 41. Re2 Rxe2 42. Kxe2 Ra2+ 43. Kf3 a5 44. d5 exd5 45. Rxd5 Rb2 46. h4 gxh4 47. Rd4 Rb4 48. Rd2 a4 49. Ke3 Rb3+ 50. Kd4 b5 51. Kc5 a3 52. Rd4 a2 0-1

[Event "Olympiad-41"]
[Site "Tromsoe"]
[Date "2014.08.06"]
[Round "5.3"]
[White "Hernandez, Juan Carlos"]
[Black "Nyambalo, Joseph Xavier"]
[Result "0-1"]
[WhiteElo "1964"]
[BlackElo "2115"]
[PlyCount "68"]
[EventDate "2014.08.02"]
[EventType "team-swiss"]
[EventRounds "11"]
[EventCountry "NOR"]
[SourceTitle "CBM 162"]
[Source "ChessBase"]
[SourceDate "2014.09.17"]
[SourceVersion "1"]
[SourceVersionDate "2014.09.17"]
[SourceQuality "1"]
[WhiteTeam "Honduras"]
[BlackTeam "Malawi"]
[WhiteTeamCountry "HON"]
[BlackTeamCountry "MWI"]

1. d4 d5 2. Nf3 Nf6 3. e3 e6 4. c4 Nbd7 5. Nc3 c6 6. Bd3 Bb4 7. 0-0 0-0 8. Qc2 Bxc3 9. bxc3 Re8 10. Ne5 Qc7 11. f4 dxc4 12. Nxc4 b5 13. Ne5 a6 14. Ba3 g6 15. Qf2 Bb7 16. Qh4 c5 17. Rac1 Kg7 18. c4 cxd4 19. cxb5 Qa5 20. Nxd7 Nxd7 21. Bb2 Qd2 22. Bxd4+ e5 23. Qh3 exd4 24. Rfd1 Qxe3+ 25. Qxe3 Rxe3 26. Rc7 Bc8 27. bxa6 Nb6 28. a7 Nd5 29. Rc5 Nxf4 30. Bc4 Rc3 31. Rc6 Be6 32. Bb5 Rxc6 33. Bxc6 Rxa7 34. Rxd4 Ne2+ 0-1

[Event "Olympiad-40"]
[Site "Istanbul"]
[Date "2012.08.30"]
[Round "3.1"]
[White "Nyambalo, Joseph Xavier"]
[Black "Yarmonov, Igor"]
[Result "1/2-1/2"]
[WhiteElo "2100"]
[BlackElo "2333"]
[PlyCount "130"]
[EventDate "2012.08.28"]
[EventType "team-swiss"]
[EventRounds "11"]
[EventCountry "TUR"]
[SourceTitle "CBM 151"]
[Source "ChessBase"]
[SourceDate "2012.11.13"]
[SourceVersion "1"]
[SourceVersionDate "2012.11.13"]
[SourceQuality "1"]
[WhiteTeam "Malawi"]
[BlackTeam "IPCA"]
[WhiteTeamCountry "MWI"]

1. Nf3 Nf6 2. d4 d5 3. c4 dxc4 4. Nc3 c5 5. e4 cxd4 6. Qxd4 Qxd4 7. Nxd4 a6 8. Bxc4 b5 9. Bd5 Ra7 10. Bf4 Nbd7 11. Bc6 e6 12. Bb8 Rb7 13. Bxb7 Bxb7 14. Ba7 b4 15. Na4 Nxe4 16. 0-0 Bd6 17. Rad1 Ke7 18. f3 Ra8 19. Bb6 Nef6 20. Rfe1 g6 21. Nb3 Bc6 22. Bc5 Nxc5 23. Naxc5 a5 24. Ne4 Nxe4 25. fxe4 Be5 26. Rc1 Be8 27. Rc5 Bxb2 28. Rxa5 Rd8 29. Ra7+ Kf8 30. Rf1 h5 31. h3 Kg7 32. Rb7 Bc3 33. Kh1 Kh6 34. Re7 h4 35. Rc7 f6 36. Nc5 Rd6 37. Re7 Bb5 38. Rb1 Bc4 39. Nb3 Ra6 40. Rc7 Bd3 41. Nc5 Bxb1 42. Nxa6 Bxa2 43. Nxb4 Bxb4 44. Ra7 Bb1 45. Rb7 Bxe4 46. Rxb4 f5 47. Kg1 g5 48. Kf2 Kg6 49. g4 hxg3+ 50. Kxg3 f4+ 51. Kf2 Kf5 52. Rb8 Kf6 53. Rb4 Ke5 54. Rb5+ Bd5 55. Rb8 Kd4 56. Rg8 e5 57. Rxg5 e4 58. Rf5 e3+ 59. Ke1 f3 60. h4 Ke4 61. Rf8 Be6 62. h5 Bf5 63. h6 f2+ 64. Ke2 Bg4+ 65. Kf1 Bh3+ 1/2-1/2

[Event "Olympiad-40"]
[Site "Istanbul"]
[Date "2012.08.28"]
[Round "1.2"]
[White "Guerra Tulcan, Lenin"]
[Black "Nyambalo, Joseph Xavier"]
[Result "1/2-1/2"]
[WhiteElo "2424"]
[BlackElo "2100"]
[PlyCount "182"]
[EventDate "2012.08.28"]
[EventType "team-swiss"]
[EventRounds "11"]
[EventCountry "TUR"]
[SourceTitle "CBM 151"]
[Source "ChessBase"]
[SourceDate "2012.11.13"]
[SourceVersion "1"]
[SourceVersionDate "2012.11.13"]
[SourceQuality "1"]
[WhiteTeam "Ecuador"]
[BlackTeam "Malawi"]
[WhiteTeamCountry "ECU"]
[BlackTeamCountry "MWI"]

1. e4 c5 2. Nf3 d6 3. d4 cxd4 4. Nxd4 Nf6 5. Nc3 a6 6. Be2 e6 7. 0-0 Be7 8. a4 0-0 9. Kh1 Nc6 10. f4 Bd7 11. Be3 Qc7 12. Nb3 b6 13. Bf3 e5 14. f5 Na5 15. Nxa5 bxa5 16. g4 Bc6 17. g5 Ne8 18. Bg2 Qb7 19. Ra3 Rc8 20. Rb3 Qd7 21. Qg4 g6 22. Qg3 Bxa4 23. Ra3 Bxc2 24. f6 Bd8 25. Bh3 Qc6 26. Bxc8 Qxc8 27. Qg2 Bd3 28. Rc1 Qb7 29. Nd5 Qb5 30. Ne7+ Kh8 31. Nd5 Bc4 32. Rac3 Bxd5 33. exd5 Nc7 34. Rxc7 Bxc7 35. Rxc7 Qd3 36. Rc3 Qb1+ 37. Bg1 h5 38. Qc2 Qf1 39. Qd3 Qf4 40. Qe3 Qb4 41. b3 a4 42. bxa4 Qxa4 43. Ra3 Qc4 44. Qd3 Qf4 45. Rxa6 Rc8 46. Rc6 Ra8 47. Qe3 Qg4 48. h3 Qf5 49. Kg2 Ra1 50. Rc1 Rxc1 51. Qxc1 Qe4+ 52. Kh2 Qe2+ 53. Kg3 Qe4 54. Qd2 h4+ 55. Kh2 Qf3 56. Qg2 Qf4+ 57. Kh1 Kg8 58. Qg4 Qf1 59. Kh2 Qe1 60. Qg2 Qc1 61. Bf2 Qf4+ 62. Kh1 Qc1+ 63. Bg1 Qc4 64. Be3 e4 65. Qd2 Qf1+ 66. Kh2 Qf3 67. Qf2 Qd1 68. Qxh4 Qd3 69. Qf2 Qxd5 70. Qd2 Qc4 71. Kg3 d5 72. h4 Qf1 73. Qf2 Qd1 74. Kf4 Qd3 75. Qd2 Qf1+ 76. Ke5 Qf5+ 77. Kd6 Qe6+ 78. Kc5 Qe5 79. Qd4 Qc7+ 80. Kxd5 Qd7+ 81. Kc4 Qa4+ 82. Kc5 Qa5+ 83. Kd6 Qa6+ 84. Qb6 Qc8 85. Ke7 Qc4 86. Qd8+ Kh7 87. Qe8 Qb4+ 88. Kxf7 Qc4+ 89. Kf8 Qg8+ 90. Ke7 Qe6+ 91. Kd8 Qc8+ 1/2-1/2